| 000 | 00969nam a2200205Ia 4500 | ||
|---|---|---|---|
| 003 | Ost | ||
| 005 | 20260507075049.0 | ||
| 008 | 260507s9999||||xx |||||||||||||| ||und|| | ||
| 040 | _cfsecg | ||
| 041 | _aara | ||
| 100 |
_aأبو مصطفى، عبد الكريم _eمؤلف |
||
| 245 | 0 |
_aالادارة والتنظيم : _bالمفاهيم،الوظائف،العمليات / _c عبد الكريم أبو مصطفى |
|
| 260 |
_a[دون مكان]: _b[دون ناشر], _c2001 |
||
| 300 |
_a253 صفحة؛ _bإيضاحات ؛ _c24 سم |
||
| 520 | _aمفهوم الادارة-الفكر الاداري-المفاهيم الادارية-التخطيط الاداري-التنظيم الاداري-اتخاذ القرارات-التمويل-القيادة والتوجيه-التنسيق والاتصالات الإدارية-التوجيه والرقابة | ||
| 653 | _aالإدارة | ||
| 653 | _aالتخطيط | ||
| 653 | _aالتنظيم | ||
| 942 | _cكتاب | ||
| 999 |
_c42622 _d42622 |
||